书目信息 |
| 题名: |
边塞诗
|
|
| 作者: | 刘冬颖选注 选注 | |
| 分册: | ||
| 出版信息: | 北京 中华书局 2015 |
|
| 页数: | 287页 | |
| 开本: | 19cm | |
| 丛书名: | 中华传统诗词经典 | |
| 单 册: | ||
| 中图分类: | I222.72 | |
| 科图分类: | ||
| 主题词: | 古典诗歌--诗集--中国 | |
| 电子资源: | ||
| ISBN: | 978-7-101-10699-2 | |
| 000 | 01028oam2 2200253 450 | |
| 001 | 339929 | |
| 005 | 20150604155828.54 | |
| 010 | @a978-7-101-10699-2@dCNY29.00 | |
| 100 | @a20150118d2015 em y0chiy0110 ea | |
| 101 | 0 | @achi |
| 102 | @aCN@b110000 | |
| 105 | @ay z 000yy | |
| 106 | @ar | |
| 200 | 1 | @a边塞诗@Abian sai shi@f刘冬颖选注 |
| 210 | @a北京@c中华书局@d2015 | |
| 215 | @a287页@d19cm | |
| 225 | 2 | @a中华传统诗词经典 |
| 330 | @a边塞诗是以边疆地区军民生活和自然风光为题材的诗。一般认为, 边塞诗初步发展于汉魏六朝时代, 隋代开始兴盛, 唐即进入发展的黄金时代。据统计, 唐以前的边塞诗, 现存不到二百首。唐代是一个充满激情的时代, 英雄主义得到极大的推崇, 所以反应边塞生活的诗作大量出现, 《全唐诗》中所收的边塞诗就达两千余首。本书所收范围仅限于唐代, 从中精选一百首相关诗作, 精加注释, 详细解读。 | |
| 410 | 0 | @12001 @a中华传统诗词经典 |
| 606 | 0 | @a古典诗歌@x诗集@y中国 |
| 690 | @aI222.72@v5 | |
| 701 | 0 | @a刘冬颖选注@Aliu dong ying xuan zhu@4选注 |
| 801 | 0 | @aCN@b卓展宏图@c20150525 |
| 905 | @dI222.72@e556@f5 | |
| 边塞诗/刘冬颖选注.-北京:中华书局,2015 |
| 287页;19cm.-(中华传统诗词经典) |
| ISBN 978-7-101-10699-2:CNY29.00 |
| 边塞诗是以边疆地区军民生活和自然风光为题材的诗。一般认为, 边塞诗初步发展于汉魏六朝时代, 隋代开始兴盛, 唐即进入发展的黄金时代。据统计, 唐以前的边塞诗, 现存不到二百首。唐代是一个充满激情的时代, 英雄主义得到极大的推崇, 所以反应边塞生活的诗作大量出现, 《全唐诗》中所收的边塞诗就达两千余首。本书所收范围仅限于唐代, 从中精选一百首相关诗作, 精加注释, 详细解读。 |
| ● |
| 相关链接 |
|
|
|
|
正题名:边塞诗
索取号:I222.72/556
 
预约/预借
| 序号 | 登录号 | 条形码 | 馆藏地/架位号 | 状态 | 备注 |
| 1 | 854951 | 208549515 | 第一样本阅览室/ [索取号:I222.72/556] | 在馆 | |
| 2 | 854952 | 208549524 | 教育系资料室/ [索取号:I222.72/556] | 在馆 | |
| 3 | 854953 | 208549533 | 第二借阅区/ [索取号:I222.72/556] | 在馆 | |
| 4 | 854954 | 208549542 | 第二借阅区/ [索取号:I222.72/556] | 在馆 | |
| 5 | 854955 | 208549551 | 教育系资料室/ [索取号:I222.72/556] | 在馆 |